00398nam a2200145Ia 4500003000400000008004100004040001600045082001300061100001900074245007100093260004000164300001000204650001700214650002100231GCL140319s9999 xx 000 0 eng d aGCL / cGCL04a423bO L1 aWAITE, MAURICE10aTHE LITTLE OXFORD DICTIONARY OF CURRENT ENGLISH / cWAITE, MAURICE a[S.N] : bCLARENDON PRESS ، c1994 a786 P04aDICTIONARIES04aENGLISH LANGUAGE